Countries with Embassies and Consulates in Krakow - Statistics

General Stats
  • This quiz has been taken 51 times
  • The average score is 7 of 8
Answer Stats
Continent Country % Correct
North America United States of America
98%
Europe Germany
95%
Asia/ Europe Russia
95%
Europe France
93%
Europe Hungary
91%
Europe Ukraine
89%
Europe Slovakia
86%
Europe Austria
84%
No matching quizzes found
Score Distribution
Percent of People with Each Score
Percentile by Number Answered
Your Score History
You have not taken this quiz